Music Quiz

Random Music or Clickable Quiz

Divided Bands Quiz Stats

Quiz Updated Jan 16, 2013

Challenge
Share
Tweet
Score 0/100 Timer 10:00
0 Plays Today
% Correct
Bon
96.7%
Led
96.4%
Beastie
95.8%
Duran
95.5%
Fleetwood
95.4%
Pink
94.9%
Sex
94.7%
Smashing
94.6%
Lynyrd
94.3%
Black
94.2%
Motley
93.2%
Iron
93.2%
Linkin
92.9%
Maroon
92.6%
Limp
91.6%
Pearl
91.6%
Blink
91.3%
Van
90.3%
Counting
90%
Grateful
88.7%
Dire
88.2%
Judas
88.1%
Green
85.9%
Depeche
85.2%
Talking
85.1%
One
84.8%
Jethro
84.8%
White
84.6%
Public
84.2%
Jefferson
83.2%
Deep
83.1%
REO
82.4%
Arrested
81.9%
Steely
81.2%
% Correct
Matchbox
81.2%
No
80.9%
Gnarls
80.6%
Culture
80.5%
Cheap
80.3%
Thin
78.3%
Jane's
78.1%
Snow
77.6%
Skid
74.9%
Rascal
74.5%
Dead
72.4%
Air
72.1%
Spin
71.8%
Bad
71%
Quiet
70.6%
Oingo
70.4%
Herman's
69.3%
En
69.1%
Sister
68.6%
Wang
68.1%
Sum
67.5%
Savage
66.5%
Human
66.5%
Buffalo
66.3%
Modest
65.5%
Blind
65.2%
Simple
64.9%
Mr.
64.8%
Spandau
62.7%
Scissor
61.8%
Crowded
61.3%
Bloodhound
61.2%
Thompson
61.1%
Gin
59.8%
% Correct
.38
59.7%
Collective
58.4%
New
58.1%
Simply
58.1%
Violent
57.7%
Imagine
56.9%
Soft
54.1%
Kaiser
53.6%
Molly
52.8%
Canned
52.7%
Soul
52.2%
Boomtown
52%
Golden
49.9%
Procol
48.8%
Scritti
48.3%
Hot
47.9%
Roxy
47.1%
Missing
46.3%
Passion
45.6%
Night
44.1%
Talk
43.8%
King
42.8%
Vanilla
39.8%
Bronski
32.8%
Stereo
28.9%
Red
26.6%
Naked
26.4%
Aztec
23%
Cock
21.3%
China
19.5%
Inspiral
18.8%
Throwing
18.6%

You're not logged in!

Compare scores with friends on all Sporcle quizzes.
Sign Up with Email
OR
Log In

You Might Also Like...

Show Comments

Extras

Top Quizzes Today


Score Distribution

Your Account Isn't Verified!

In order to create a playlist on Sporcle, you need to verify the email address you used during registration. Go to your Sporcle Settings to finish the process.